Propuesta de minería de datos y análisis probabilístico para la estimación de variables de proceso utilizando series de tiempo en estado estacionario y algoritmos genéticos en un gasificador de tiro descendente
Bewaard in:
| Hoofdauteur: | |
|---|---|
| Formaat: | Boek |
| Taal: | Spanish |
| Gepubliceerd in: |
[San José , Costa Rica]
2018
|
| Onderwerpen: | |
| Tags: |
Voeg label toe
Geen labels, Wees de eerste die dit record labelt!
|
MARC
| LEADER | 00000nam a22000007a 4500 | ||
|---|---|---|---|
| 003 | 012948 | ||
| 005 | 20221231144400.0 | ||
| 008 | 181029b2018 cr a|||| |||m 00| ||spa d | ||
| 040 | |c cru CEDI | ||
| 090 | |a TFG 8099 | ||
| 100 | |a Urvina Savelli, Luis Andrés |9 14409 | ||
| 245 | |a Propuesta de minería de datos y análisis probabilístico para la estimación de variables de proceso utilizando series de tiempo en estado estacionario y algoritmos genéticos en un gasificador de tiro descendente | ||
| 260 | |a [San José , Costa Rica] |c 2018 | ||
| 300 | |a xxi, 102 hojas : ilustraciones a color | ||
| 500 | |a Proyecto de graduación(licenciatura en ingeniería química)--Universidad de Costa Rica. Facultad de Ingeniería. Escuela de Ingeniería Química | ||
| 650 | |x MINERIA DE DATOS |x PULPA DE CAFE |x ANALISIS DE SERIES DE TIEMPO |x DATOS MASIVOS |x GASIFICACION DE LA BIOMASA |x ENERGIA BIOMASICA |9 14410 | ||
| 942 | |c TFG | ||
| 999 | |c 21040 |d 21040 | ||
